| 000 | 01403nam a2200349 a 4500 | ||
|---|---|---|---|
| 001 | ebr10369662 | ||
| 003 | CaPaEBR | ||
| 006 | m u | ||
| 007 | cr cn||||||||| | ||
| 008 | 990511s1999 enka sb 001 0 eng d | ||
| 010 | _z 99073824 | ||
| 020 | _z0761952004 | ||
| 020 | _z0761952012 (pbk.) | ||
| 020 | _z9780761952008 | ||
| 020 | _z9780857021908 (e-book) | ||
| 040 |
_aCaPaEBR _cCaPaEBR |
||
| 035 | _a(OCoLC)593265373 | ||
| 050 | 1 | 4 |
_aHA29 _b.H877 1999eb |
| 082 | 0 | 4 |
_a300/.1/519535 _221 |
| 100 | 1 | _aHutcheson, Graeme. | |
| 245 | 1 | 4 |
_aThe multivariate social scientist _h[electronic resource] : _bintroductory statistics using generalized linear models / _cGraeme D. Hutcheson and Nick Sofroniou. |
| 260 |
_aLondon ; _aThousand Oaks, Calif. : _bSage Publications, _c1999. |
||
| 300 |
_axii, 276 p. : _bill. |
||
| 504 | _aIncludes bibliographical references (p. 267-271) and index. | ||
| 533 |
_aElectronic reproduction. _bPalo Alto, Calif. : _cebrary, _d2013. _nAvailable via World Wide Web. _nAccess may be limited to ebrary affiliated libraries. |
||
| 650 | 0 |
_aSocial sciences _xStatistical methods. |
|
| 650 | 0 | _aMultivariate analysis. | |
| 655 | 7 |
_aElectronic books. _2local |
|
| 700 | 1 | _aSofroniou, Nick. | |
| 710 | 2 | _aebrary, Inc. | |
| 856 | 4 | 0 |
_uhttp://site.ebrary.com/lib/rucke/Doc?id=10369662 _zAn electronic book accessible through the World Wide Web; click to view |
| 999 |
_c110141 _d110141 |
||